| 000 | 01122nam a22003255a 4500 | ||
|---|---|---|---|
| 003 | EG-ScBUE | ||
| 005 | 20220518101830.0 | ||
| 008 | 170103t2010 maua f 001 0 eng d | ||
| 020 | _a9781426633508 | ||
| 020 | _a1426633505 | ||
| 040 |
_aEG-ScBUE _beng _erda _cEG-ScBUE _dEG-ScBUE |
||
| 082 | 0 | 4 |
_a428.24 _bBRO _222 |
| 100 | 1 |
_aBroukal, Milada, _eauthor. _936091 |
|
| 245 | 1 | 0 |
_aWeaving it together : _bconnecting reading and writing. _n1 / _cMilada Broukal. |
| 250 |
_aThird edition, _bInternational student edition. |
||
| 264 | 1 |
_aBoston, MA : _bHeinle, _c[2010] |
|
| 264 | 4 | _cc2010 | |
| 300 |
_aviii, 190 pages : _bcolor illustrations ; _c24 cm. |
||
| 336 |
_2rdacontent _atext _btxt |
||
| 337 |
_2rdamedia _aunmediated _bn |
||
| 338 |
_2rdacarrier _avolume _bnc |
||
| 490 | 0 | _aWeaving it together series | |
| 500 | _aIncludes index. | ||
| 650 | 7 |
_aEnglish language _vTextbooks for foreign speakers. _2BUEsh |
|
| 650 | 7 |
_aEnglish language _xGrammar _xStudy and teaching _vProblems, exercises, etc. _2BUEsh |
|
| 651 | _2BUEsh | ||
| 653 |
_bHHUUEENN _cJanuary2017 |
||
| 655 |
_vReading book _934232 |
||
| 942 |
_2ddc _cBB |
||
| 999 |
_c23809 _d23781 |
||